<?xml version="1.0" encoding="UTF-8"?>
<record
    xmlns:xsi="http://www.w3.org/2001/XMLSchema-instance"
    xsi:schemaLocation="http://www.loc.gov/MARC21/slim http://www.loc.gov/standards/marcxml/schema/MARC21slim.xsd"
    xmlns="http://www.loc.gov/MARC21/slim">

  <leader>01597nam a2200289   4500</leader>
  <datafield tag="020" ind1=" " ind2=" ">
    <subfield code="a">9695560326</subfield>
  </datafield>
  <datafield tag="040" ind1=" " ind2=" ">
    <subfield code="c">NSHS</subfield>
  </datafield>
  <datafield tag="082" ind1=" " ind2=" ">
    <subfield code="a">297.57</subfield>
    <subfield code="b">FAZ</subfield>
  </datafield>
  <datafield tag="100" ind1="1" ind2=" ">
    <subfield code="a">Fa&#x1E93;&#x101;l, Asm&#x101; &#x2BF;Al&#x12B; Mu&#x1E25;ammad</subfield>
    <subfield code="9">130221</subfield>
  </datafield>
  <datafield tag="245" ind1="1" ind2=" ">
    <subfield code="a">Ta&#x2BF;m&#x12B;r-e shakh&#x1E63;iyat me&#x1E45; &#x2BF;ib&#x101;dat k&#x101; kird&#x101;r /</subfield>
    <subfield code="c">Mu&#x2BE;allifah Asm&#x101; &#x2BF;Al&#x12B; Mu&#x1E25;ammad Fa&#x1E93;&#x101;l.</subfield>
  </datafield>
  <datafield tag="246" ind1=" " ind2=" ">
    <subfield code="a">Tamir-e shakhsiyat men ibadat ka kirdar</subfield>
  </datafield>
  <datafield tag="246" ind1=" " ind2=" ">
    <subfield code="a">Tamir-e shaksiat main ibadat ka kirdar</subfield>
  </datafield>
  <datafield tag="246" ind1=" " ind2=" ">
    <subfield code="a">Tameer-e shaksiat main ibadat ka kirdar</subfield>
  </datafield>
  <datafield tag="260" ind1=" " ind2=" ">
    <subfield code="a">Isl&#x101;m&#x101;b&#x101;d:</subfield>
    <subfield code="b">Da&#x2BF;wah Academy,</subfield>
    <subfield code="c">2006</subfield>
  </datafield>
  <datafield tag="300" ind1=" " ind2=" ">
    <subfield code="a">130 pages.</subfield>
  </datafield>
  <datafield tag="500" ind1=" " ind2=" ">
    <subfield code="a">DC010725</subfield>
  </datafield>
  <datafield tag="500" ind1=" " ind2=" ">
    <subfield code="a">Religion</subfield>
  </datafield>
  <datafield tag="520" ind1=" " ind2=" ">
    <subfield code="a">Ta&#x2018;m&#x12B;r-e Shakh&#x1E63;iyat me&#x1E45; &#x2018;Ib&#x101;dat k&#x101; Kird&#x101;r" (The Role of Worship in Personality Development) highlights how acts of worship&#x2014;such as prayer, fasting, remembrance of God, and sincerity&#x2014;play a vital role in shaping a person&#x2019;s character. Worship helps develop inner peace, discipline, humility, and a sense of purpose. It strengthens moral values, builds self-control, and keeps a person connected to a higher moral framework. When practiced regularly, worship not only improves a person&#x2019;s relationship with God but also positively influences their behavior, relationships, and decisions in daily life.</subfield>
  </datafield>
  <datafield tag="546" ind1=" " ind2=" ">
    <subfield code="a">In Urdu.</subfield>
  </datafield>
  <datafield tag="650" ind1=" " ind2="0">
    <subfield code="a">Worship (Islam)</subfield>
    <subfield code="9">130036</subfield>
  </datafield>
  <datafield tag="650" ind1=" " ind2="0">
    <subfield code="a">Islam</subfield>
    <subfield code="x">Doctrines</subfield>
    <subfield code="9">1634</subfield>
  </datafield>
  <datafield tag="650" ind1=" " ind2="0">
    <subfield code="a">Self-cultivation</subfield>
    <subfield code="x">Religious aspects</subfield>
    <subfield code="x">Islam</subfield>
    <subfield code="9">130222</subfield>
  </datafield>
  <datafield tag="650" ind1=" " ind2="0">
    <subfield code="a">Personality development</subfield>
    <subfield code="x">Religious aspects</subfield>
    <subfield code="x">Islam</subfield>
    <subfield code="9">130223</subfield>
  </datafield>
  <datafield tag="650" ind1=" " ind2="0">
    <subfield code="a">Muslim life</subfield>
    <subfield code="9">130224</subfield>
  </datafield>
  <datafield tag="942" ind1=" " ind2=" ">
    <subfield code="2">ddc</subfield>
    <subfield code="c">BK</subfield>
  </datafield>
  <datafield tag="999" ind1=" " ind2=" ">
    <subfield code="c">614454</subfield>
    <subfield code="d">614454</subfield>
  </datafield>
  <datafield tag="952" ind1=" " ind2=" ">
    <subfield code="0">0</subfield>
    <subfield code="1">0</subfield>
    <subfield code="2">ddc</subfield>
    <subfield code="4">0</subfield>
    <subfield code="7">0</subfield>
    <subfield code="a">NSHS</subfield>
    <subfield code="b">NSHS</subfield>
    <subfield code="d">2025-07-23</subfield>
    <subfield code="o">297.57 FAZ</subfield>
    <subfield code="p">NSHS-2020</subfield>
    <subfield code="r">2025-07-23</subfield>
    <subfield code="w">2025-07-23</subfield>
    <subfield code="y">BK</subfield>
  </datafield>
</record>
